Регионална библиотека "Любен Каравелов" - Русе

Али Баба и четиридесетте разбойници (Запис номер 24274)

MARC детайли
000 -Лидер
Контролно поле с фиксирана дължина 01374nam a2200325 c 4500
003 - Код на организацията, давaща контролен номер
Контролно поле BLK
005 - Дата и час на последна редакция
Контролно поле 20250728135441.0
008 - Елементи от данни с фиксирана дължина
fixed length control field 180413b bul|||||r ||||||| ||bul||
010 ## - Наследен системен номер
LC control number KNG00026779000
020 ## - Международен стандартен номер на книга ISBN
Международен стандартен номер на книга ISBN 954-625-156-9
040 ## - Източник на каталожния запис
Идентификатор на билиотеката - собственик на записа BLK
041 ## - Код за език
Код за езика на текст/звукозапис или на отделно заглавие Български
Код за езика КДБФ Български
080 ## - УДК
Текстов определител УДК Арабска литература. Подразделя се с помощта на общите определители на място (5/6)
УДК код - определител по УДК 821.411.21
УДК определител -93-34
УДК - код + определител 821.411.21-93-34
139 ## - Редно поле
Редна дума Али Баба и четиридесетте разбойници
Авторски знак Али - А 54
245 10 - Сведения за заглавието
Заглавие Али Баба и четиридесетте разбойници
Редно поле (дума) адапт. и прев. Ина Иванова; худож. Антонина Светославова Бабукчиева.
257 ## - Страна на издаване
Страна на създаване/издаване Саудитска Арабия
260 ## - Област на издателските данни
Име на издателя, разпространителя и проч. Фют
Година на издаване 1999
300 ## - Физическа характеристика
Страници 20 с.
Илюстрации и др. с ил.
Размери/Мащаб 28 см
380 ## - Жанр
Жанр Детска худож. лит.
490 ## - СЕРИИ (Колекции)
Име на серия Приказки от хиляда и една нощ
9 (RLIN) 438550
700 1# - Други автори (авторска отговорност)
Лично име Иванова, Ина
Автороска отговорност (Описва отношението между автора и произведението) адапт. и прев.
9 (RLIN) 267563
700 ## - Други автори (авторска отговорност)
Лично име Бабукчиева, Антонина Светославова
Дати, свързани с автора 1961 -
9 (RLIN) 363803
852 ## - Местоположение
Форматна сигнатура Цб ІІ 10080
856 4# - Електронен адрес и достъп
Електронен формат pdf - файл
Път до файла /url/
856 4# - Електронен адрес и достъп
Електронен формат pdf - файл
Път до файла /url/
999 ## - СИСТЕМНИ КОНТРОЛНИ НОМЕРА
Koha biblionumber 24274
Koha biblioitemnumber 24274
942 ## - АРТИКУЛИ
Вид на библиотечния материал Книги
Скрит в OPAC Не
Периодичен библиозапис Да
Koha issues (borrowed), all copies 1
944 ## - СЪЗДАВАНЕ И РЕДАКЦИЯ на ЗАПИСА
Създаване/Редакция Създаване
Дата на регистрацията/редакция 15.01.2003
Служител, извършил регистрацията/редакцията 30564
Статус, дата на статуса Анна Гръцманова
944 ## - СЪЗДАВАНЕ И РЕДАКЦИЯ на ЗАПИСА
Създаване/Редакция Редакция
Дата на регистрацията/редакция 14.03.2018
Служител, извършил регистрацията/редакцията Геновева_Генчева
999 ## - СИСТЕМНИ КОНТРОЛНИ НОМЕРА
Koha biblioitemnumber 24274
Наличности
Код за отписване Код за изгубен артикул Източник на класификационната схема Код за повреда Коз за рестрикции Код за отдаване Артикулен № Име на библиотеката - собственик Име на библиотеката, в която се намира в момента Статус (Текущо местоположение) Дата на вписване в системата Местоположение - отдел Цена в лева Инвентарен номер Систематично азбучна сигнатура Баркод Номер на екземпляра Цена в евро Служебен тип на артикула Служебна бележка
  Не е изгубен Universal Decimal Classification Не е повреден без рестрикции ползва се в читалня 40064 Регионална библиотека "Любен Каравелов" Русе Регионална библиотека "Любен Каравелов" Русе Хранилище 2001-01-01 Хранилище 1.50 647085 Цб ІІ 10080 120000647085 1 0.77 Книги  
Изтеглен Не е изгубен Universal Decimal Classification Не е повреден без рестрикции заемане за дома 40065 Регионална библиотека "Любен Каравелов" Русе Регионална библиотека "Любен Каравелов" Русе Детски отдел 2001-01-01 Детски отдел 1.90 665087 ДХ 820/899/А54 665087 2 0.97 Книги Дата инв: 14.09.2015 Бележки инв: Д2015
  Не е изгубен Universal Decimal Classification Не е повреден без рестрикции заемане за дома 40066 Регионална библиотека "Любен Каравелов" Русе Регионална библиотека "Любен Каравелов" Русе Детски отдел 2001-01-01 Детски отдел 1.90 665088 ДХ 820/899/А54 120000665088 3 0.97 Книги Дата инв: 14.09.2015 Бележки инв: Д2015
  Не е изгубен Universal Decimal Classification Не е повреден без рестрикции заемане за дома 40067 Регионална библиотека "Любен Каравелов" Русе Регионална библиотека "Любен Каравелов" Русе Детски отдел 2001-01-01 Детски отдел 1.90 665089 ДХ 820/899/А54 120000665089 4 0.97 Книги Дата инв: 17.08.2015 Бележки инв: Д2015
  Не е изгубен Universal Decimal Classification Не е повреден без рестрикции заемане за дома 40068 Регионална библиотека "Любен Каравелов" Русе Регионална библиотека "Любен Каравелов" Русе Детски отдел 2001-01-01 Детски отдел 1.90 665090 ДХ 820/899/А54 120000665090 5 0.97 Книги Дата инв: 14.09.2015 Бележки инв: Д2015
Изтеглен Не е изгубен Universal Decimal Classification Не е повреден без рестрикции заемане за дома 40069 Регионална библиотека "Любен Каравелов" Русе Регионална библиотека "Любен Каравелов" Русе Детски отдел 2001-01-01 Детски отдел 1.90 665091 ДХ 820/899/А54 665091 6 0.97 Книги Дата инв: 14.09.2015 Бележки инв: Д2015
Vip Innovations Ltd, Rousse, Bulgaria 2025